00349nam a2200097 4500008004100000082002000041110004100061245007700102260004500179650002700224240305b |||||||| |||| 00| 0 eng d a341.485493bHUM aHuman rights commisison of Sri Lanka aThe human rights situation in the Eastern province-update:b(April 2005) aColombo:bHuman Rights Commission,c2005 aHUMAN RIGHTS-Sri Lanka